LEADER 01309nam0 22003371i 450 001 UON00160001 005 20231205103003.361 010 $a08-566-8212-8 100 $a20020521d1996 |0itac50 ba 101 $aeng 102 $aGB 105 $a|||| ||||| 200 1 $aWasps$fAristophanes$gedited with translation and notes by Alan Sommerstein 210 $aWarminster$cAris & Philiphs$d1996 215 $a248 p.$d21 cm 312 $ain greco e in inglese$9UON00370130 410 1$1001UON00160289$12001 $aˆThe ‰comedies of Aristophanes$v4 510 0$3UON00370130$aSphekes 606 $aCOMMEDIA GRECA$3UONC033510$2FI 620 $dWarminster$3UONL000499 676 $a882$cLetteratura drammatica greca classica$v21 700 0$aAristophanes$3UONV056467$0602827 702 1$aSOMMERSTEIN$bAlan H.$3UONV057664 712 $aAris & Phillips$3UONV256733$4650 790 0$aARISTOFANE$zAristophanes$3UONV056470 801 $aIT$bSOL$c20260313$gRICA 899 $aSIBA - SISTEMA BIBLIOTECARIO DI ATENEO E ARCHIVIO STORICO$2UONSI 912 $aUON00160001 950 $aSIBA - SISTEMA BIBLIOTECARIO DI ATENEO E ARCHIVIO STORICO$dSI T 1 ARISTOPH 0952 04 $eSI MC 26025 5 04 996 $aWasps$94549613 997 $aUNIOR